Mystery Categories #4 - Statistics

General Stats
  • This quiz has been taken 1,567 times
  • The average score is 17 of 30
Answer Stats
Hint Answer % Correct
labl Ball
99%
rpka Park
98%
illrd Drill
97%
opt Top
97%
prti Trip
96%
kalt Talk
92%
dibr Bird
89%
rosyt Story
75%
rhcas Crash
69%
erttle Letter
69%
grrane Ranger
63%
CAR
62%
lchot Cloth
62%
inuacsnre Insurance
59%
envereg Revenge
55%
retanl Rental
53%
asrmde Dreams
49%
ttoopa Potato
46%
tabrety Battery
45%
atlcaluy Actually
42%
SWEET
41%
LOVE
40%
nistne Tennis
40%
TABLE
36%
oontip Potion
33%
nthongis Nothings
32%
narmsen Manners
28%
POWER
28%
tsgtine Setting
28%
teugao Outage
23%
No matching quizzes found
Score Distribution
Percent of People with Each Score
Percentile by Number Answered
Your Score History
You have not taken this quiz